书目信息

书名: 缘法 
作者: 纪果庵 著 ;纪英楠 黄恽编
出版信息: 北京   海豚出版社  2011.10
开本页数: 19cm  153页
丛书名: 海豚书馆
单 册:
中图分类: I267
科图分类:
主题词: 散文集--中国--当代 , 散文集
电子资源:
ISBN: 978-7-5110-0569-4
000 00909oam2 22002891 450
001 0111084911
005 20180111084911.0
010    @a978-7-5110-0569-4@b精装@dCNY19.80
100    @a20120109d2011 em y0chiy0121 ea
101 @achi
102    @aCN@b110000
105    @ay z 000cy
106    @ar
200 @a缘法@Ayuan fa@f纪果庵著@g纪英楠,黄恽编
210    @a北京@c海豚出版社@d2011.10
215    @a153页@d19cm
225 @a海豚书馆@v048
330    @a本书收录了作者的作品共十一篇,主要包括:怀孔德、篁轩记、知己篇、怀PH、跋《寄花溪》、缘法、知堂先生南来印象追记等。
410  0 @12001@a海豚书馆@v048
606 @a散文集@y中国@z当代
606 @a散文集
690    @aI267@v5
701  0 @a纪果庵@Aji guo an@f(1909-1965)@4著
702  0 @a纪英楠@Aji ying nan@4编
702  0 @a黄恽编@Ahuang yun bian@4编
801  0 @aCN@b人天书店@c20120109
905    @aCKNYKJZYXY@b300584112-4@dI267@e1034@f3
    
    缘法/纪果庵著/纪英楠,黄恽编.-北京:海豚出版社,2011.10
    153页;19cm.-(海豚书馆;048)
    
    
    ISBN 978-7-5110-0569-4(精装):CNY19.80
    本书收录了作者的作品共十一篇,主要包括:怀孔德、篁轩记、知己篇、怀PH、跋《寄花溪》、缘法、知堂先生南来印象追记等。
相关链接 在五车中查询图书 在当当中查询图书 在豆瓣中查询图书


正题名:缘法     索取号:I267/1034         预约/预借

序号 登录号 条形码 馆藏地/架位号 状态 备注
1 584112   300584112   海科密-1楼/33架2列2层/ [索取号:I267/1034] 在馆    
2 584113   300584113   海科密-1楼/29架14列3层/ [索取号:I267/1034] 在馆    
3 584114   300584114   海科密-1楼/35架13列5层/ [索取号:I267/1034] 在馆